000 00816cam a2200205 4500
001 ABS65298
008 020429n2002 000 0 eng u
035 _a(Sirsi) u117728
100 _aFairs, M
245 _aMaking history
260 _c2002
490 _aBuilding
_v267(8228) 5 April 2002, 38-43(5)
520 _aReport on recent projects involving modular prefab design. Shows how manufacturer Yorkon and architect Cartwright Pickard have taken lessons learned at Murray Grove in east London and proved that money can be made with this type of landmark design. Prefab building design is examined in general with reference to particular projects.
590 _aABS
650 _aPREFABS
650 _aVOLUMETRIC CONSTRUCTION
650 _aMODULAR BUILDING
690 _aBUILT ENVIRONMENT
942 _n0
999 _c70104
_d70104